LIBRARY ONLINE CATALOGUE

Readings in macroeconomics / (Record no. 5211)

MARC details
000 -LEADER
fixed length control field 00612nam a22002172 4500
001 - CONTROL NUMBER
control field 0000001366
005 - DATE AND TIME OF LATEST TRANSACTION
control field 20151217151815.0
008 - FIXED-LENGTH DATA ELEMENTS--GENERAL INFORMATION
fixed length control field 070306s xx 000 0 eng d
020 ## - INTERNATIONAL STANDARD BOOK NUMBER
International Standard Book Number 0198776292 :
Terms of availability KES 4,499
040 ## - CATALOGING SOURCE
Original cataloging agency KABU
Transcribing agency KABU
050 #0 - LIBRARY OF CONGRESS CALL NUMBER
Classification number HB172.5
Item number .R43 2000
245 10 - TITLE STATEMENT
Title Readings in macroeconomics /
Statement of responsibility, etc. ed. by Tim Jenkinson.
250 ## - EDITION STATEMENT
Edition statement 2nd ed.
260 ## - PUBLICATION, DISTRIBUTION, ETC. (IMPRINT)
Place of publication, distribution, etc. Oxford :
Name of publisher, distributor, etc. OUP,
Date of publication, distribution, etc. 2000.
300 ## - PHYSICAL DESCRIPTION
Extent xiv, 274 p.
650 #0 - SUBJECT ADDED ENTRY--TOPICAL TERM
Topical term or geographic name as entry element Macroeconomics.
-- 0000149933
700 1# - ADDED ENTRY--PERSONAL NAME
Personal name Jenkinson, Tim.
-- 0000150032
908 ## - PUT COMMAND PARAMETER (RLIN)
Put command parameter 070306
950 ## - LOCAL HOLDINGS (RLIN)
-- 1
Holdings
Withdrawn status Lost status Source of classification or shelving scheme Not for loan Home library Current library Date acquired Total Checkouts Full call number Barcode Date last seen Date last checked out Price effective from Koha item type
    Library of Congress Classification   Kabarak, Main Campus Kabarak, Main Campus 17/12/2015 2 HB172.5 .R43 2000 001120 02/08/2024 21/11/2020 17/12/2015 General Collection